| 000 | 01153naa a22003377a 4500 | ||
|---|---|---|---|
| 001 | BR6010039 | ||
| 003 | BR-BrBNA | ||
| 005 | 20240918173138.0 | ||
| 007 | ta | ||
| 008 | 230509b bl.||||| |||| 00| 0 por d | ||
| 040 |
_aBR-BrBNA _bpor _cBiblioteca Nacional de Agricultura |
||
| 041 | _a(Pt) | ||
| 072 |
_aM00 _b8100 _b8200 _b8300 _b8400 _bG514 |
||
| 090 | _aM00 BR6010039 | ||
| 100 | 1 | _aPereira, N. | |
| 111 | 1 |
_a1. Congresso Nacional de Pesca _cRio de Janeiro, GB (Brazil) _d4 Nov 1934 |
|
| 245 | 1 | _aA pesca no Rio Grande do Norte [Peixe; Marisco; Crustaceo; Molusco; Brasil] | |
| 260 | 3 |
_aRio de Janeiro, GB (Brasil): _c1938. |
|
| 500 | _aPrimeiro Congresso Nacional de Pesca Rio de Janeiro, GB (Brasil): 1938. p. 307-358 (BR6010039-AM)M00 | ||
| 650 | _aPesca | ||
| 650 | _aPeixe | ||
| 650 | _aMarisco | ||
| 650 | _aCrustaceo | ||
| 650 | _aMolusco | ||
| 650 | _aIndustria pesqueira | ||
| 650 | _aProducao pesqueira | ||
| 650 | _aRio Grande do Norte | ||
| 773 | 0 |
_tPrimeiro Congresso Nacional de Pesca _b _wM00 BR6010039 _gRio de Janeiro, GB (Brasil), 1938. p. 307-358 |
|
| 909 |
_a202404 _bLucia _c55 _dLucia Elande |
||
| 942 |
_cAM _2AGRIS |
||
| 999 |
_c303120 _d303120 |
||